Cultura General #2 - Estadísticas

Estadísticas generales
  • Esta prueba ha sido intentada 879 veces
  • La puntuación promedio es 5 de 10
Estadísticas de respuestas
Pregunta Respuesta % Correcto
Quien es Peter Parker? Spiderman
93%
Quien mato a Goliat? David
89%
Como se llama el dios del mar en la mitologia griega? Poseidon
82%
Cual es el unico estado de los Estados Unidos cuyo nombre empieza por la letra F? Florida
74%
Qué es lo que estudia un ornitologo? Aves
60%
Como se dice "queso" en francés? Fromage
55%
Cual personaje famoso fue creado por Bram Stoker? Dracula
44%
Cual presidente de Colombia firmo acuerdos de paz con la guerrilla de las FARC? Santos
16%
En qué pais tiene lugar la pelicula "El Ultimo Rey de Escocia"? Uganda
15%
Cuales 3 letras se encuentran en la mayoria de las cremalleras? YKK
15%
No se encontraron pruebas coincidentes
Distribución de puntuación
Porcentaje de gente con cada puntuación
Porcentaje por número respondido
Historial de tus puntuaciones
No has intentado esta prueba.